| 000 | 00531nam a2200181Ia 4500 | ||
|---|---|---|---|
| 008 | 230917s9999||||xx |||||||||||||| ||und|| | ||
| 020 | _cRS445 | ||
| 040 |
_e245439 _aMAIN |
||
| 041 | _aEnglish | ||
| 082 | _a346.03 P645L(9) | ||
| 100 | _aPillai, P S Atchuthen | ||
| 245 | 0 | _aLaw of torts: With law of statutory compensation and consumer protection | |
| 250 | _a9th ed. | ||
| 260 |
_aLucknow _bEastern Book Company _c2017 |
||
| 300 | _alii, 703 p. | ||
| 500 | _a3026 25/01/2018 HBD18/7301 28/02/2018 Main Budget | ||
| 942 | _cBK | ||
| 999 |
_c25733 _d25733 |
||